Statistiques concernant Culture Générale - Série 1371

Cliquez ici pour prendre le quiz!

Statistiques générales

  • Ce quiz a été pris 62 fois
  • Le résultat moyen est 6 sur 10

Statistiques - réponses

QuestionRéponse% Correct
Selon l'expression, de quel animal ne faut-il pas vendre la peau, avant de l'avoir tué ?ours
98%
Parmi les cinq sens, lequel est touché chez une personne atteinte d'agueusie ?goût
91%
Quelle est la ville la plus peuplée d'Australie ?Sydney
79%
Après un an de mariage, on peut fêter ses noces de...coton
77%
Quelle sorte de flanc aux cerises noires est appelé "millard" en Auvergne ?clafoutis
54%
Quel héros de bande dessinée, créé par Jacques Martin, sillonne le monde antique en compagnie du jeune Enak ?Alix
40%
Quel détroit, qui doit son nom à une ville sicilienne, sépare la Sicile de l'Italie continentale ?détroit de Messine
37%
Lequel des sept pêchés capitaux ne se termine pas par la lettre "E" ?orgueil
37%
De quelle nationalité était le champion de tennis Ilie Nastase ?roumaine
37%
Dans la série de bandes dessinées "Gaston Lagaffe", comment s'appelle le brigadier de police, maniaque du parcmètre ?Longtarin
28%

Distribution des résultats

Percentile par nombre de réponses

% des personnes avec chaque résultat

Votre développement - résultats

Vous n’avez pas pris ce quiz